Movies Quiz

Random Movies or Country Quiz

Pirates of the Caribbean Venn Diagram Quiz Stats

 Plays Quiz not verified by Sporcle

Score 0/8 Timer 03:00
2 Plays Today
% Correct
Davy Jones
74.3%
Armando Salazar
72.4%
Carina Smyth
69.4%
Blackbeard
65.1%
Tia Dalma
59.9%
Bootstrap Bill Turner
55.7%
Hector Barbossa
53.4%
Angelica
51.4%

You're not logged in!

Compare scores with friends on all Sporcle quizzes.
OR
Log In

Show Comments

Extras

Top Quizzes Today


Score Distribution

Your Account Isn't Verified!

In order to create a playlist on Sporcle, you need to verify the email address you used during registration. Go to your Sporcle Settings to finish the process.

Report this User

Report this user for behavior that violates our Community Guidelines.

Details: